Vplyv inflácie na dlhové financovanie vybraného podniku bakalárska práca

Uložené v:
Podrobná bibliografia
Hlavný autor: Poláková, Laura
Korporativný autor: Fakulta podnikového manažmentu EU. Katedra podnikových financií
Ďalší autori: Hyránek, Eduard, 1955-
Médium: Kniha
Jazyk:Slovak
Vydavateľské údaje: Bratislava 2024
Tagy: Pridať tag
Žiadne tagy, Buďte prvý, kto otaguje tento záznam!

MARC

LEADER 00000nbm a2200000 4500
001 0301921
005 20250224111300.5
041 0 |a slo 
044 |a SK 
245 1 0 |a Vplyv inflácie na dlhové financovanie vybraného podniku  |b bakalárska práca  |c Laura Poláková ; školiteľ: Eduard Hyránek 
264 1 |a Bratislava  |c 2024 
300 |a 43 s. 
100 1 |a Poláková, Laura 
700 1 |a Hyránek, Eduard, 1955- 
710 2 |a Fakulta podnikového manažmentu EU. Katedra podnikových financií